000
00246nmm a2200085Ia 4500
008
220120s9999||||xx |||||||||||||||||und||
100
_a
PCQ
245
0
_a
PCQ-AUG : Top 20 linux destors, 10 exame guide samplers, the
260
_a
Cyber tach publication
999
_c
139701
_d
139701